Le genre et le droit : une coproduction (notice n° 1580605)

détails MARC
000 -LEADER
fixed length control field 02405cam a2200193 4500500
005 - DATE AND TIME OF LATEST TRANSACTION
control field 20251228050537.0
041 ## - LANGUAGE CODE
Language code of text/sound track or separate title fre
042 ## - AUTHENTICATION CODE
Authentication code dc
100 10 - MAIN ENTRY--PERSONAL NAME
Personal name Cardi, Coline
Relator term author
245 00 - TITLE STATEMENT
Title Le genre et le droit : une coproduction
260 ## - PUBLICATION, DISTRIBUTION, ETC.
Date of publication, distribution, etc. 2014.<br/>
500 ## - GENERAL NOTE
General note 40
520 ## - SUMMARY, ETC.
Summary, etc. L’étude de la socialisation et des contraintes relatives à la construction du genre au sein d’une même classe sexuelle offre un regard nouveau sur la pluralité des modèles de genre. Centrée sur la socialisation corporelle de garçons de cm2 âgés de 10 à 11 ans, l’enquête repère la diversité et la variabilité des pratiques physiques ludiques masculines dans le contexte scolaire. Les modalités de mise en jeu du corps dans les pratiques corporelles concernées jouent un rôle central dans l’intériorisation et la hiérarchisation de formes différenciées de masculinité.
520 ## - SUMMARY, ETC.
Summary, etc. In the School Playground. Sporting Practices and Models of MasculinityThe study of socialisation and of the constraints relating to the construction of gender within groups of boys offers a new perspective on the plurality of gender models. This survey focuses on the physical socialisation of boys in CM2 (Year 5 of primary school), and charts the diversity and variability of playful male physical practices in the school environment. The modes in which the body is brought into play in the physical practices studied play a central role in the internalisation and classification of differentiated forms of masculinity.
520 ## - SUMMARY, ETC.
Summary, etc. El estudio de la socialización y de las limitaciones relativas a la construcción del género en una misma clase de sexo ofrece una nueva mirada a la pluralidad de los modelos de género. Centrada sobre la socialización del cuerpo de niños mayores de 10 a 11 años, que están en quinto año de la escuela primaria, la encuesta señala la diversidad y la variabilidad de las prácticas físicas lúdicas masculinas en el contexto escolar. Las modalidades de puesta en juego del cuerpo en las prácticas corporales que intervienen juegan un papel central en la interiorización y la priorización de formas diferenciadas de masculinidad.
700 10 - ADDED ENTRY--PERSONAL NAME
Personal name Devreux, Anne-Marie
Relator term author
786 0# - DATA SOURCE ENTRY
Note Cahiers du Genre | 57 | 2 | 2014-12-01 | p. 5-18 | 1298-6046
856 41 - ELECTRONIC LOCATION AND ACCESS
Uniform Resource Identifier <a href="https://shs.cairn.info/revue-cahiers-du-genre-2014-2-page-5?lang=fr&redirect-ssocas=7080">https://shs.cairn.info/revue-cahiers-du-genre-2014-2-page-5?lang=fr&redirect-ssocas=7080</a>

Pas d'exemplaire disponible.

PLUDOC

PLUDOC est la plateforme unique et centralisée de gestion des bibliothèques physiques et numériques de Guinée administré par le CEDUST. Elle est la plus grande base de données de ressources documentaires pour les Étudiants, Enseignants chercheurs et Chercheurs de Guinée.

Adresse

627 919 101/664 919 101

25 boulevard du commerce
Kaloum, Conakry, Guinée

Réseaux sociaux

Powered by Netsen Group @ 2025